[Event "I Festival A"]
[Site "Lido degli Estensi - Comacchio ITA"]
[Date "2000.06.04"]
[Round "9"]
[White "Razuvaev, Yuri S."]
[Black "Aleksic, Nenad"]
[Result "1-0"]
[WhiteElo "2548"]
[BlackElo "2405"]
[PlyCount "41"]
[EventDate "2000.05.27"]

1. d4 Nf6 2. c4 e6 3. g3 c5 4. d5 exd5 5. cxd5 Bd6 6. Nc3 O-O 7. Bg2 Re8 8. Nf3
b5 9. Nxb5 Qa5+ 10. Nc3 Ne4 11. O-O Nxc3 12. bxc3 Qxc3 13. Rb1 Qc4 14. e4 Ba6
15. e5 Qe4 16. Ng5 Qxb1 17. Be4 Qb5 18. Re1 Rxe5 19. Qh5 h6 20. Qxf7+ Kh8 21.
Qg6 1-0